FIVE GO TO DEMONS ROCKS ( THE FAMOUS FIVE ) (Record no. 380230)

MARC details
000 -LEADER
fixed length control field 00518nam a2200181Ia 4500
008 - FIXED-LENGTH DATA ELEMENTS--GENERAL INFORMATION
fixed length control field 100122s9999 xx 000 0 und d
082 ## - DEWEY DECIMAL CLASSIFICATION NUMBER
Item number 65876
Classification number BM823.08
100 ## - MAIN ENTRY--PERSONAL NAME
Personal name BLYTON ENID
245 ## - TITLE STATEMENT
Title FIVE GO TO DEMONS ROCKS ( THE FAMOUS FIVE )
250 ## - EDITION STATEMENT
Edition statement 1
260 ## - PUBLICATION, DISTRIBUTION, ETC. (IMPRINT)
Name of publisher, distributor, etc HODDER CHILDREN`S BOOK
Date of publication, distribution, etc 1991
300 ## - PHYSICAL DESCRIPTION
Extent 151
520 ## - SUMMARY, ETC.
Summary, etc THE FAMOUS FIVE
620 ## -
-- THE FAMOUS FIVE
630 ## - SUBJECT ADDED ENTRY--UNIFORM TITLE
Uniform title FIVE GO TO DEMONS ROCKS ( THE FAMOUS FIVE )
730 ## - ADDED ENTRY--UNIFORM TITLE
Uniform title FIVE GO TO DEMONS ROCKS ( THE FAMOUS FIVE )
942 ## - ADDED ENTRY ELEMENTS (KOHA)
Koha item type Book
Holdings
Withdrawn status Lost status Damaged status Not for loan Home library Current library Date acquired Cost, normal purchase price Total Checkouts Full call number Barcode Date last seen Cost, replacement price Price effective from Koha item type Public note
        S.V. Pathak Library, Vile Parle S.V. Pathak Library, Vile Parle 08/20/2004 52.00   65876 SVPPARLE-65876 01/25/2010 52.00 01/25/2010 Book ", , General, NA"